000 00633nam a2200217 a 4500
001 000033107
003 DO-SdBNP
005 20211004143858.0
007 ta
008 110817s1993 dr ac c 000 0 spa d
040 _aDO-SdBNP
_bspa
_cBNPHU
082 4 _bD542i
_222
100 1 _aDíaz, Polibio
_958778
_d1952 -
245 1 0 _aImágenes de carnaval /
_cPolibio Díaz.
260 _aSanto Domingo :
_bH-D Graphics,
_c1993.
300 _a[182 p.] :
_bil., retr., ;
_c32 cm.
500 _aIncluye biografía del autor. p. [78]
546 _aIncluye traducciones en inglés.
590 _aInventariado 2021 / MF
942 _2ddc
_cFOTO
999 _c32598
_d32598